[Event "Bad Homburg"]
[Site "Bad Homburg"]
[Date "1996.??.??"]
[Round "6"]
[White "Alterman, Boris"]
[Black "Bezold, Michael"]
[Result "1-0"]
[WhiteElo "2590"]
[BlackElo "2495"]
[Annotator "Alterman,B"]
[PlyCount "79"]
[EventDate "1996.07.20"]
[EventType "tourn"]
[EventRounds "9"]
[EventCountry "GER"]
[EventCategory "12"]
[SourceTitle "CBM 055"]
[Source "ChessBase"]
[SourceDate "1996.12.01"]
[SourceVersion "1"]
[SourceVersionDate "1996.12.01"]
[SourceQuality "1"]

1. d4 {Petursson Stohl} c5 2. d5 e5 3. e4 d6 {[%csl Gc4] The blockaded King's
Indian central pawn chain with the P still on c2 (c3) is to White's advantage,
as he can use the c4-square for a piece (N) in the future.} 4. Nf3 Be7 (4...
Bg4 5. h3 Bxf3 6. Qxf3 Be7 7. Qg3 $14 {()}) 5. h3 $5 {5.Be2 and 5.Bb5+ see:
Survey ;CBM 55} h6 (5... Nf6 6. Nc3 O-O 7. Be3 (7. Be2 Na6 8. Be3 Nc7 9. a4 a6
10. Qb1 Nd7 11. O-O Kh8 12. b4 cxb4 13. Qxb4 a5 14. Qa3 Na6 15. Bxa6 Rxa6 16.
Rab1 Nf6 17. Rb5 Nh5 18. Rfb1 Nf4 19. Bxf4 exf4 20. Ne2 g5 21. Ned4 Bf6 22. Nf5
Re8 23. Qd3 Be5 24. Rxb7 Bxb7 25. Rxb7 Rb6 26. Rxf7 Qb8 27. Qe2 Bf6 28. Nxg5 {
Shulman,Y-Malakhov,V/Holon(EUR-Jr)1995/1:0/}) 7... Nbd7 8. a4 Ne8 9. Bd3 g6 10.
Bh6 Ng7 11. g4 Nf6 12. Qd2 Kh8 13. Ke2 Ng8 14. Rag1 Nxh6 15. Qxh6 Kg8 16. h4 f6
17. Qd2 Bd7 18. h5 g5 19. Nh2 a6 20. Nf1 h6 21. Ne3 Rb8 22. Ra1 b5 23. axb5
axb5 24. b3 Qb6 25. Ra2 Ra8 26. Rha1 Rxa2 27. Rxa2 Rc8 28. Kf3 {Kozul,
Z-Vaisman,V/Montpellier-A/1989/} Ne8 29. Kg2 Nc7 30. Qe2 {Kozul,Z-Vaisman,V/
Montpellier-A/1989/1-0/48/}) 6. Nc3 Nd7 $6 (6... Nf6) (6... Bg5 {Stohl} 7. Nxg5
hxg5 8. Be2 f6 9. Bg4 $14) 7. Be3 Ngf6 (7... Bg5 $6 {Stohl} 8. Nxg5 hxg5 9. Nb5
Nb6 (9... Nf8 10. Bxg5 $5) 10. a4 $36) 8. a4 $1 O-O 9. Bd3 Nh7 10. a5 Nb8 $8 (
10... Ng5 11. Nd2 Nh7 12. Nc4 $16 (12. a6 {Stohl} b6 13. Bb5 $36)) 11. Ne2 $1 (
11. Nd2 Bg5 12. Nc4 Na6 $14) 11... Na6 {[%cal Ra6b4] /\Nb4} (11... Qc7 12. c3
c4 13. Bc2 Nd7 14. O-O) (11... Ng5 $142 $5 {Stohl} 12. Nd2 Nh7 $132 {In case
White decides to avoid repetition as in the game, Nb8 is closer to e5 and
Black will spare 2 tempi.}) 12. c3 Qc7 13. b3 Ng5 14. Nd2 (14. Nxg5 {Stohl}
Bxg5 15. Bxg5 hxg5 16. Qd2 Qe7 $10) 14... Nh7 {[%cal Ye7g5] /\Bg5} 15. Nf3 Ng5
16. Nd2 Nh7 17. O-O (17. Nf3 $10 {Stohl}) 17... Bg5 18. f4 $1 (18. Bxg5 {Stohl}
Nxg5 19. f4 exf4 20. Nxf4 Qe7 $10) 18... exf4 19. Nxf4 Nb8 $8 (19... Bf6 {Stohl
} 20. Qc2 Be5 21. Nf3 $14) 20. Qc2 {[%cal Re4e5] /\e5} (20. Nf3 Nd7 21. Nxg5
hxg5 22. e5 gxf4 23. Qh5 (23. Bxh7+ Kxh7 24. Qh5+ Kg8 25. Rxf4 Nxe5 26. Rh4 f6
(26... f5 $1 27. Rf1 $44) 27. Rf1) 23... g6 (23... Nhf6 24. exf6 Nxf6 25. Qg5
fxe3 26. Rxf6 Qe7 27. Qh4 $18) 24. Bxg6 fxg6 25. Qxg6+ Kh8 26. Bxf4 Nxe5) 20...
Kh8 (20... Nf6 21. Nf3 Bxf4 (21... Nbd7 {Stohl} 22. Nxg5 hxg5 23. Ne2 g4 $13)
22. Bxf4 Nbd7 23. Rae1 $16) 21. Nf3 (21. e5 dxe5 22. Ng6+ fxg6 23. Bxg5 Rxf1+
24. Rxf1 hxg5 25. Bxg6 Nf6) (21. Nc4 $1 Nd7 22. Qf2 $14) 21... Nd7 22. Nxg5
hxg5 (22... Nxg5 {Stohl} 23. h4 Nh7 24. e5 $1 dxe5 25. Bxh7 exf4 26. Bxf4 Qd8
27. Bd6 $18) 23. e5 $5 {Without sacrifices White can't justify his strategy,
his pieces need open lines. Otherwise Black would stand comfortably with a
strong knight on e5.} (23. Nh5 Ne5 24. Be2 f6 $10) (23. Ne2 {Stohl} Ne5 $15 {
[%csl Rd3] ץd3}) 23... gxf4 (23... dxe5 24. Nh5 $1 (24. Ne6 $1 fxe6 25. d6
Qxd6 26. Bxh7 Nf6 27. Bg6 $44 {[%csl Ge3,Gg6,Re5,Re6,Rg5,Rg7,Rh8][%cal Rc2e2,
Rf1f6] ^^,׻,P,/\Qe2,Rf6!}) 24... g6 25. Bxg6 fxg6 26. Qxg6 Rg8 $8 27. Qh6 Ndf8
28. Rf6 $18) (23... Nxe5 {Stohl} 24. Bxh7 gxf4 25. Bxf4 $36 g6 $6 26. Bxe5+
dxe5 27. Bxg6 Bxh3 28. Bf5 $16) 24. exd6 $1 {White sacricices a piece for 3
pawns and retains a strong initiative. But the game is still not decided.} Qd8
(24... Qxd6 25. Bxf4 Qxd5 26. Bxh7 {/\} g6 (26... Nf6 27. Rad1 $16) 27. Rad1 (
27. Bxg6 fxg6 28. Qxg6 Rf6 29. Qe8+ Kh7 (29... Rf8 30. Be5+ $18) 30. Rae1 $40)
27... Qh5 28. Bd6 Qxh7 29. Bxf8 Nxf8 30. Rd8 $18) 25. Rxf4 (25. Bxf4 Qh4 $8 26.
Ra4 (26. Rae1 Ndf6 27. c4 Bd7 28. Re7 Rae8 $132) (26. Bxh7 $5 Qxh7 27. Qf2 $44
Nf6 $1 28. c4 Bd7 29. Qxc5 Rfe8 $132) 26... Ndf6 27. Be3 Qh5 28. Bf2 Qxd5 29.
Rh4 g6 $17) 25... g6 (25... Nhf6 $2 26. Rh4+ Kg8 27. Bh7+ Kh8 28. Bg5 {[%cal
Rh7f5,Rf5d7] /\Bf5-d7+-}) 26. Qf2 Ne5 $6 (26... Kg8 $1) (26... f5 {Petursson})
27. Bxc5 {[%csl Gd5,Gd6] The two strong passed d-pawns cramp Black's position
and play an important role in the attack.} Nxd3 28. Qd4+ Kg8 29. Qxd3 {The
position White has been aiming for. An important factor in his attack are also
the ^-, as the a1-h8 diagonal is seriously weakened.} Bf5 30. Qd4 (30. Qg3 $5
Qg5 (30... Rc8 31. b4 b6 32. d7 $1 Qxd7 33. Bxf8 Nxf8 34. axb6 axb6 35. Raf1
Qd6 $14) 31. Qxg5 Nxg5 32. d7 Rfd8 33. Be7 Rxd7 34. Bxg5 Rxd5 35. Bf6 $16)
30... Re8 $1 31. Raf1 b6 (31... Qf6 {Stohl} 32. g4 $1 $18) (31... Re2 $5 $132 {
Stohl}) (31... Qxa5 $142 $1 32. g4 $5 (32. Rxf5 {Stohl} gxf5 33. Rxf5 Nf8 $1
34. Qg4+ Ng6 35. Bd4 Re1+ 36. Kh2 Qd8 37. Qg3 Re4 $17) 32... Ng5 33. gxf5 Nxh3+
34. Kg2 Nxf4+ 35. Rxf4 $13) 32. Ba3 Re2 33. R4f2 $2 $138 (33. R1f2 $1 Rxf2 (
33... Re1+ 34. Kh2 Ng5 35. c4 $44)) (33. Rxf5 gxf5 34. Rxf5 Qe8 35. Qg4+ Kh8
$17) 33... Re4 34. Qd2 Ng5 $1 35. c4 $2 {[%cal Ra3b2,Rd2c3] /\Bb2,Qc3->} (35.
Rxf5 $1 gxf5 36. Rxf5 f6 37. c4 $44 Nf7 38. Qf2) 35... Bxh3 $4 (35... Nxh3+ $1
36. gxh3 Bxh3 37. Re1 (37. Bb2 Rg4+ 38. Kh1 Bxf1 39. Rh2 Rh4 40. Qf4 Rxh2+ 41.
Kxh2 Be2 (41... f6 42. Bxf6 Qd7 43. Qh4 Qxd6+ 44. Kg1 Rf8) 42. Kg3 f6 $19) (37.
Rc1 Rg4+ 38. Kh1 Qh4) 37... Rg4+ 38. Kh1 Qh4 39. Rh2 Bg2+ 40. Kg1 Be4+ $19) 36.
Bb2 Bf5 (36... Bxg2 37. Rxg2 Nh3+ 38. Kh1 Qh4 39. Rh2 $18) (36... Qxd6 {Stohl}
37. Qxg5 $18) (36... Rg4 {Stohl} 37. Qc3 f6 38. Rxf6 Rxg2+ 39. Kh1 $18) 37.
Rxf5 gxf5 38. Rxf5 Nh7 (38... Rg4 39. Qc3 f6 40. Rxf6 Ne4 41. Rg6+ (41. Qf3 $2
Nxf6 42. Bxf6 Qd7) 41... Rxg6 42. Qh8+ Kf7 43. Qh7+ Kf8 (43... Ke8 44. Qxg6+
Kd7 45. Qe6#) 44. Qxg6 Qxd6 45. Qf5+ (45. Qxe4 {Stohl} bxa5 46. Qd4 {[%csl Gc4,
Gd5][%cal Rd4h8,Rc4c5] /\Qh8,c5+-o^c,d}) (45. Bg7+ {Petursson} Ke7 46. Qxe4+
$18) 45... Ke8 46. Qxe4+ $16) 39. Qh6 Rg4 (39... f6 {Stohl} 40. Qg6+ Kh8 (40...
Kf8 41. Bxf6) 41. Rh5 $18) 40. Rh5 (40. Rh5 {Stohl} Qe8 41. Qxh7+ Kf8 42. Qh8+
Rg8 43. Qxg8+ $1 Kxg8 44. Rh8#) 1-0

[Event "RUS-ch KO"]
[Site "Moscow"]
[Date "1999.12.28"]
[Round "6.4"]
[White "Sakaev, Konstantin"]
[Black "Bezgodov, Alexei"]
[Result "1-0"]
[WhiteElo "2648"]
[BlackElo "2576"]
[Annotator "Alterman,B"]
[PlyCount "76"]
[EventDate "1999.12.04"]
[EventType "k.o."]
[EventRounds "6"]
[EventCountry "RUS"]
[SourceTitle "CBM 075"]
[Source "ChessBase"]
[SourceDate "2000.04.05"]
[SourceVersion "1"]
[SourceVersionDate "2000.04.05"]
[SourceQuality "1"]

1. d4 c5 2. d5 e5 3. e4 d6 4. Nc3 Be7 5. Nf3 h6 6. h4 $146 (6. Be2 Bg5 7. Nxg5
hxg5 8. Qd3 f6 9. Nd1 Ne7 10. Ne3 Nd7 11. Bg4 a6 12. a4 Nf8 13. f3 Bxg4 14.
fxg4 Nfg6 15. a5 Rc8 16. Bd2 Rc7 17. g3 O-O 18. Kf2 {1/2-1/2 Huebner,R-Mokry,K/
Moscow 1994/CBM 44 ext (47)}) (6. Be3 Bg5 7. Nxg5 hxg5 8. Qd2 f6 9. Be2 Ne7 10.
O-O-O a6 11. g3 g4 12. f3 gxf3 13. Bxf3 b5 14. h4 Nd7 15. Kb1 Nb6 16. Qf2 Bd7
17. g4 Nc4 18. Bc1 Qa5 19. g5 Rb8 20. gxf6 gxf6 {Heinlein,R-Medancic,R/Arco
1999/EXT 2000/1-0 (43)}) (6. Nd2 Bg5 7. Nc4 Nf6 8. Bd3 a6 9. a4 b6 10. O-O Qc7
11. f4 exf4 12. Nxd6+ Qxd6 13. e5 Qd8 14. exf6 Qxf6 15. Ne4 Qe5 16. h4 Qd4+ 17.
Kh1 Nd7 18. Nd6+ Kf8 19. Nxc8 Rxc8 20. Bxa6 Rd8 {Istratescu,A-Vokac,M/Krynica
1998/CBM 67/1-0 (42)}) 6... Nf6 7. a4 O-O 8. g3 Nh7 9. Be3 Na6 10. Nd2 Nb4 11.
Bg2 f5 12. exf5 Bxf5 13. Nde4 {White's knight occuped the important square e4,
but some weakness in the king side give some hope for black.} Qd7 14. f3 Kh8 {
[%mdl 48]} 15. g4 Bg6 16. g5 h5 17. O-O Rf7 18. Kh2 Raf8 19. Bh3 Qd8 {After} (
19... Bf5 $1 20. Bxf5 Rxf5 $1 (20... Qxf5 21. Ne2 $1 (21. Nb5 Qg6 22. c3 Rxf3
23. Rxf3 Qxe4 24. Rxf8+ Bxf8 25. cxb4 Qxe3 $44) 21... Na6 22. N2g3 $16) 21. g6
Nf6 22. Ng3 e4 $1 23. Nxf5 Qxf5 24. fxe4 Qxg6 $13 {[%cal Gf6g4] Black has an
attack and strong compensation for the exchange.}) 20. Qe2 Rf4 $5 {After this
exchange sacrifice black attacking the pawn structure in the king side(h4,g5)
and control the important black square f4.} 21. Bxf4 Rxf4 22. Kg3 Nf8 23. Rad1
Bf7 24. Rh1 Ng6 {Threathing in some moment to move the knight to f4 .} 25. Bf1
$5 {Interesting was} (25. Be6 $1 Qg8 (25... Bxe6 26. dxe6 d5 27. Nxd5 Nxd5 28.
c4) (25... a6) 26. Bxf7 Qxf7 27. Nb5 $1) 25... Bf8 26. Qf2 Ne7 27. Bh3 Bg6 (
27... Nbxd5 28. Ne2 Nf5+ 29. Bxf5 Rxf5 30. Kh2 Be6 31. N2g3 Rf7 32. Nxh5 $16)
28. Rd2 Nbxd5 29. Nxd5 Nxd5 30. Re1 Nc7 (30... Nb6 31. Nxc5 Qe7 32. Ne6 Rxa4
33. b3 $16) 31. Nxc5 (31. Qxc5 $2 d5 32. Qxa7 Bb4 33. c3 Qf8 $1 34. cxb4 Rxf3+
35. Kg2 Bxe4 36. Rxe4 dxe4 $17) 31... Qe8 32. Nd3 (32. Nd7 $5 {Interesting
attempt.} Rxa4 $140 33. Nxe5 dxe5 34. Bd7 $1 Qf7 35. Bxa4 Qf4+ 36. Kg2 Qxa4 37.
Rxe5 Kh7) 32... Rxa4 (32... Bxd3 33. Rxd3 Rxa4 $14) 33. f4 Bxd3 34. fxe5 Be4
35. exd6 Nb5 36. d7 Qb8+ 37. Qf4 Bd6 38. Rxd6 Nxd6 (38... Nxd6 39. Kh2 $1 {
Best move .Losing is} (39. Rf1 Kh7 40. g6+ $2 Bxg6 41. Qxa4 Ne4+) 39... Rc4 (
39... Kh7 40. Rxe4) (39... Rd4 40. Rf1 $18) 40. Kg1 $1 b5 41. b3 Rb4 42. Bg2
Qb6+ 43. Kh2 Kg8 44. g6 $18) 1-0

[Event "Petrov Memorial op"]
[Site "St Petersburg"]
[Date "2000.02.13"]
[Round "6"]
[White "Neverov, Valeriy"]
[Black "Shchukin, Dmitry"]
[Result "1-0"]
[WhiteElo "2541"]
[BlackElo "2387"]
[Annotator "Alterman,B"]
[PlyCount "78"]
[EventDate "2000.02.05"]
[EventType "swiss"]
[EventRounds "9"]
[EventCountry "RUS"]
[SourceTitle "CBM 076"]
[Source "ChessBase"]
[SourceDate "2000.05.31"]
[SourceVersion "1"]
[SourceVersionDate "2000.05.31"]
[SourceQuality "1"]

1. d4 c5 2. d5 e5 3. e4 d6 4. Nc3 a6 5. Be2 (5. g3 g6 6. Bg2 h5 7. f4 h4 8.
fxe5 dxe5 9. Nf3 Bg4 10. h3 Bxf3 11. Qxf3 Qf6 12. Qg4 Nd7 13. Bg5 Qd6 14. Bxh4
Bh6 15. Bg5 Ngf6 16. Bxf6 Nxf6 17. Qf3 b5 18. O-O $13 {Chepukaitis,G-Sergeev,V/
St Petersburg 1999/CBM 70 ext/1/2-1/2 (82)}) 5... g6 $146 6. h4 {[%cal Gh4h5]}
h5 7. Nf3 {[%cal Gf3g5]} Bh6 8. a4 Bxc1 9. Qxc1 Bg4 10. Ng5 Bxe2 11. Nxe2 {
[%cal Gf2f4]} Nd7 12. a5 {[%csl Gb6]} (12. O-O) 12... Ngf6 13. Ra3 {[%cal
Ga3f3] White has a space advantage ,but black has changed some pieces and
their position very solid.White try to create some weakness in the black's
position.} c4 14. Qd2 $14 (14. O-O O-O 15. Qe3 $14) 14... b5 15. axb6 Qxb6 16.
Ra2 Nc5 17. Nc3 $14 {[%csl Gc3,Gg5] White knights take a strong squares.} O-O
18. O-O Kg7 19. Qe2 Rfc8 20. Nf3 {[%csl Rc4][%cal Gf3d2][%mdl 2064]} Ncd7 21.
Rfa1 a5 22. Nd2 Qb4 23. Nd1 {[%cal Gc2c3,Gd1e3][%mdl 2048] Changing the plans.}
Nb6 24. c3 Qc5 25. Ne3 a4 26. Qf3 Qc7 27. Qg3 {White should start some actions
on the Kingside} Qd7 28. Rf1 {[%cal Gf2f4][%mdl 32]} Ng4 29. f4 exf4 30. Rxf4
Nxe3 $1 {Only move.} (30... Ne5 31. Qg5 $1 Kg8 $5 32. Nf5 $1 Re8 33. Nf3 $1 $40
{[%csl Ge5]} Ng4 34. Nh6+ Nxh6 35. Qxh6 $16 {[%cal Gf3g5]}) 31. Qxe3 Qa7 32.
Qf2 Rf8 33. Ra1 $6 {Losing more of white's advantage.Stronger was} (33. Qd4+
Kg8 34. Rf6 Qe7 35. Rf2 $16 {[%csl Gc4,Rf6]}) 33... f6 34. Rf1 Nd7 35. Nxc4
Qxf2+ 36. R1xf2 Ra6 37. Na3 Ne5 38. Nb5 Rb6 39. Nd4 Rfb8 $1 $138 {[%mdl 4160]}
(39... Rfb8 40. Rxf6 Ng4 $1 41. Rf7+ Kg8 42. Rf1 Ne3 $11) 1-0

[Event "St Petersburg White Nights"]
[Site "St Petersburg"]
[Date "1999.07.02"]
[Round "7"]
[White "Lytchak, Alexander"]
[Black "Solovjov, Sergey"]
[Result "1-0"]
[WhiteElo "2375"]
[BlackElo "2447"]
[Annotator "Alterman,B"]
[PlyCount "83"]
[EventDate "1999.06.26"]
[EventType "tourn"]
[EventRounds "9"]
[EventCountry "RUS"]
[EventCategory "8"]
[SourceTitle "CBM 072"]
[Source "ChessBase"]
[SourceDate "1999.10.01"]
[SourceVersion "1"]
[SourceVersionDate "1999.10.01"]
[SourceQuality "1"]

{[%mdl 64]} 1. d4 c5 2. d5 e5 3. e4 d6 4. Nf3 g6 5. Nc3 Bg7 6. Bb5+ Nd7 7. a4
Ne7 8. g4 {[%csl Gf5]} a6 9. Be2 h6 10. Nd2 f5 $6 {Looks dubious.Black's
pieces stand very passive and  opening a diagonals and files will be very
dangerous for them.} 11. gxf5 gxf5 12. Bh5+ Kf8 13. f4 $1 $36 {[%csl Rf8][%cal
Gf1f8]} Ng6 $6 {[%mdl 8192]} 14. Bxg6 Qh4+ 15. Kf1 (15. Ke2 $4 Qg4+ {[%csl Rg6]
}) 15... Qh3+ 16. Kf2 exf4 (16... Qh4+ 17. Kg2 $18) 17. Nf3 Ne5 18. Bxf4 $5 {
Much easy was} (18. exf5 $1 Ng4+ 19. Kg1 {And black has no compensation for a
piece.}) 18... Nxg6 19. Bxd6+ Kf7 20. e5 {White reach a strong passed pawns on
the centre. Black looking for some contrplay against white's King.} Re8 21. Rg1
$1 {[%cal Rg1g7][%mdl 128]} (21. e6+ {Not bad} Bxe6 22. dxe6+ Rxe6 23. Bxc5 Nf4
24. Rg1 {And white has absolutely winning position}) 21... Nxe5 22. Rxg7+ Kxg7
23. Bxe5+ Rxe5 24. Qg1+ Kf6 25. Nxe5 $2 {[%mdl 8192]} (25. Qg8 $1 {Immediately
wins.} Re7 26. Qf8+ Rf7 27. Qd6+ Kg7 28. Rg1+ Qg4 29. Ne5 $18) 25... Qh4+ 26.
Qg3 Qd4+ 27. Kf3 Qxe5 28. Qxe5+ Kxe5 29. Re1+ {Now it's only big advantage in
the endgame thanks to active rook and strong pawn on d5} Kd6 30. Re8 b6 31. Kf4
c4 32. Rh8 (32. h4) 32... Bb7 33. Rxh6+ Kc5 34. Rh5 (34. Kxf5 Bxd5 35. Nxd5
Kxd5 36. Rxb6 Rh8) 34... Rg8 35. Rxf5 Rg2 36. Ne4+ Kd4 37. c3+ Kd3 38. Ke5 Rxh2
39. a5 Bc8 40. Rf3+ Ke2 41. Rf8 Bb7 42. Kd4 1-0

[Event "Budapest Negy CC"]
[Site "Budapest"]
[Date "1975.06.22"]
[Round "7"]
[White "Knezevic, Milorad"]
[Black "Vaisman, Volodia"]
[Result "1/2-1/2"]
[WhiteElo "2425"]
[BlackElo "2385"]
[Annotator "Balogh,Bela"]
[PlyCount "35"]
[EventDate "1975.06.16"]
[EventType "tourn"]
[EventRounds "15"]
[EventCountry "HUN"]
[SourceTitle "EXT 2021"]
[Source "ChessBase"]
[SourceDate "2020.10.23"]
[SourceVersion "1"]
[SourceVersionDate "2020.10.23"]
[SourceQuality "1"]

1. d4 c5 2. d5 e5 3. e4 d6 4. Nc3 Be7 5. Nf3 Bg4 6. Bb5+ Kf8 (6... Nd7 7. h3
Bxf3 8. Qxf3 Bg5 $4 9. Bxd7+) 7. a4 g6 8. O-O Kg7 9. Be3 h5 10. Ra3 Bxf3 11.
Qxf3 Bg5 12. Rb3 (12. Re1 Nh6 13. g3 a6 14. Bf1 Nd7 15. h4 Bxe3 16. Rxe3 Ng4
17. Re1 Rf8 18. Bh3 Ndf6 19. Rb3 Rb8 $11) 12... Nh6 13. Be2 b6 14. a5 Bxe3 15.
Qxe3 Nd7 16. Bb5 Rb8 17. a6 f5 18. f3 1/2-1/2

[Event "EU-chT (Men) 10th"]
[Site "Debrecen"]
[Date "1992.11.??"]
[Round "2.1"]
[White "Georgiev, Kiril"]
[Black "Gheorghiu, Florin"]
[Result "1-0"]
[WhiteElo "2605"]
[BlackElo "2500"]
[Annotator "Bulletin"]
[PlyCount "67"]
[EventDate "1992.11.20"]
[EventType "team-swiss"]
[EventRounds "9"]
[EventCountry "HUN"]
[SourceTitle "EU-chT"]
[Source "ChessBase"]
[SourceDate "1999.07.01"]
[SourceVersion "2"]
[SourceVersionDate "1999.07.01"]
[SourceQuality "1"]
[WhiteTeam "Bulgaria"]
[BlackTeam "Romania"]
[WhiteTeamCountry "BUL"]
[BlackTeamCountry "ROU"]

1. d4 c5 2. d5 e5 3. e4 d6 4. Nc3 Be7 5. Bb5+ Kf8 (5... Nd7) 6. f4 exf4 7. Bxf4
Bg5 8. Qd2 Bxf4 9. Qxf4 a6 (9... Ne7 $5) 10. Bd3 Qf6 11. Qg3 Nd7 12. Nf3 Qe7
13. O-O Ngf6 14. Rae1 Ne5 15. Nxe5 Qxe5 (15... dxe5 16. a4 $16) 16. Qxe5 dxe5
17. Na4 Nd7 18. c4 Rb8 (18... b6 19. a3 a5 20. Be2 $16) 19. Rc1 (19. a3 $2 b5
20. cxb5 axb5 21. Nc3 c4 {/\ Nc5<=>}) 19... b6 20. a3 a5 21. Rb1 Ba6 22. b4 Ke7
23. Be2 f6 (23... Rhf8 $142 24. Rfc1 Kd6 {/\ Nf6}) 24. Rfc1 axb4 25. axb4 cxb4
(25... h5 $1 26. Rb3 $16 (26. bxc5 $2 bxc5 27. Rxb8 Rxb8 28. Bxh5 Rb4 $10)) 26.
Rxb4 Nc5 27. Ra1 Kd6 (27... Nxe4 28. Bd3 $1) 28. Rab1 Nxa4 29. Rxa4 Bc8 30. c5+
Kxc5 31. Rc1+ Kd6 32. Rc6+ Ke7 33. Ra7+ Kf8 34. Rd6 1-0

[Event "Plovdiv"]
[Site "Plovdiv"]
[Date "1986.??.??"]
[Round "5"]
[White "Georgiev, Kiril"]
[Black "Ivanovic, Bozidar"]
[Result "1/2-1/2"]
[WhiteElo "2545"]
[BlackElo "2490"]
[Annotator "Bulletin"]
[PlyCount "68"]
[EventDate "1986.06.24"]
[EventType "tourn"]
[EventRounds "11"]
[EventCountry "BUL"]
[EventCategory "10"]
[SourceTitle "EXT 2000"]
[Source "ChessBase"]
[SourceDate "1999.11.16"]
[SourceVersion "1"]
[SourceVersionDate "1999.11.16"]
[SourceQuality "1"]

1. d4 c5 2. d5 e5 3. e4 d6 4. Nc3 Ne7 5. h4 h6 6. h5 Ng8 7. f4 exf4 8. Bxf4 Nf6
9. e5 dxe5 10. Bxe5 Bd6 11. Bb5+ Kf8 12. Qe2 Bxe5 13. Qxe5 Qe7 14. Nf3 a6 15.
Be2 Bg4 16. d6 Qxe5 17. Nxe5 Bxe2 18. Nxe2 Nbd7 19. Nxd7+ Nxd7 20. O-O-O (20.
Nf4 $1) 20... f6 21. Ng3 Kf7 22. Rhe1 Rhe8 23. Nf5 (23. Re7+ Rxe7 24. dxe7 Kxe7
25. Nf5+ $1 $14) 23... Rxe1 24. Rxe1 Ne5 25. Re3 g6 26. hxg6+ Kxg6 27. Ne7+ Kf7
28. Rb3 Rb8 29. Rh3 Ke6 30. Rxh6 Kxd6 31. Ng6 Nxg6 32. Rxg6 Ke5 33. Kd2 Rd8+
34. Ke3 Rd4 1/2-1/2

[Event "YUG-chT"]
[Site "Budva"]
[Date "1996.??.??"]
[Round "4"]
[White "Komarov, Dimitri"]
[Black "Ivanovic, Bozidar"]
[Result "1-0"]
[WhiteElo "2530"]
[BlackElo "2500"]
[Annotator "Chekhov,V"]
[PlyCount "119"]
[EventDate "1996.??.??"]
[EventType "team"]
[EventRounds "6"]
[EventCountry "YUG"]
[SourceTitle "CBM 053 Extra"]
[Source "ChessBase"]
[SourceDate "1996.09.01"]
[SourceVersion "1"]
[SourceVersionDate "1996.09.01"]
[SourceQuality "1"]

1. d4 c5 2. d5 e5 3. e4 d6 4. Nc3 Be7 5. f4 $5 exf4 6. Bxf4 Nf6 (6... Bg5 $5)
7. Be2 (7. Bb5+ Nbd7 8. Nf3 O-O 9. O-O a6 10. Bxd7 Bxd7 11. e5 dxe5 12. Nxe5
Bd6 13. Qf3 Qc7 14. Nxd7 Qxd7 $10 {Beliavsky,A-Dvorietzky,M/Vilnius/1975/0,5/
22/}) 7... Qa5 $6 (7... O-O $5 8. Nf3 Nh5 (8... Bg4 $5) 9. Be3 f5 10. exf5 Bxf5
11. O-O Bg6 12. Ne5 $1 Rxf1+ 13. Kxf1 Ng3+ 14. hxg3 dxe5 15. Bf3 Bd6 16. Be4
$14 {Beliavsky,A-Ivanovic,B/Tivat/1995/1|0/34/}) 8. Qd2 O-O 9. Nf3 Bg4 10. O-O
Bxf3 11. Bxf3 Nbd7 12. Qf2 Ne5 (12... b5 13. Qg3 Qb6 14. Rae1 $36) 13. Bxe5
dxe5 14. Qg3 Bd6 (14... Qc7 15. Nb5 $6 (15. Rad1 $5 $36) 15... Qb8 (15... Qb6
$1 16. Qxe5 Qxb5 17. Qxe7 Rae8 18. Qd6 Nxe4 19. Bxe4 Rxe4 $13) 16. Rad1 Bd6 $14
) 15. Bg4 Kh8 $6 (15... Nxg4 $6 16. Qxg4 f6 17. Rf3 $16) (15... Qd8 $5) 16.
Rxf6 gxf6 17. Qh4 Rg8 (17... Qd8 18. Bf5 $18) 18. Qxf6+ Rg7 19. Qxd6 Rxg4 20.
Qxe5+ Rg7 (20... Kg8 $2 21. d6 Qd8 22. Nd5 $18) 21. d6 Qd8 22. Rf1 Qg5 (22...
Qe8 23. Qxc5 $18) 23. Qxg5 Rxg5 24. Rxf7 $18 Rd8 (24... Rg7 25. Rf5 Rd8 26. e5
$18) 25. Nd5 Kg8 (25... Rxd6 26. Nf6 Rg7 27. Rf8+ $18) 26. Rxb7 Rxd6 27. Rxa7
Re5 28. Ra4 (28. Re7 $4 Rdxd5 $19) 28... Kf7 29. Kf2 Re8 30. Kf3 Rf8 31. Ra5 c4
32. Rc5 Ra6 33. Nb4 (33. Rxc4 Rxa2 34. b4 $18) 33... Kg7+ 34. Ke3 Rg6 35. g3
Rh6 36. Rg5+ Kh8 37. h4 Rb6 38. a3 Rd6 39. h5 Rd1 40. Nd5 Rb1 41. e5 Re1+ (
41... Rxb2 42. e6 Rxc2 43. e7 Re8 44. Kf3 Rb2 45. Nf6 Rbb8 46. Nxe8 Rxe8 47.
Rc5 Rxe7 48. Rxc4 $18) 42. Kd2 Re4 43. Nf6 Rd8+ 44. Kc3 Re3+ 45. Kxc4 Re2 46.
Kb3 Rc8 (46... Rb8+ 47. Kc3 Rc8+ 48. Kd3 Rexc2 49. e6 $18) 47. c4 Rb8+ (47...
Re3+ 48. Ka2 $18) 48. Kc3 Rexb2 49. Rg8+ (49. e6 R2b6 50. Re5 Kg7 51. Nd5 Rb3+
52. Kd4 $18) 49... Rxg8 50. Kxb2 Rb8+ (50... Rxg3 51. c5 Re3 52. Nd7 Rd3 53. c6
$18) 51. Kc3 Kg7 52. Nd7 Ra8 53. Kb4 Kf7 54. c5 Ke7 55. Nb6 (55. c6 Ra6 56. Kb5
Rxa3 57. Nc5 Kd8 58. e6 Rxg3 59. e7+ Kxe7 60. c7 Rg8 61. Kc6 Rc8 62. Kb7 Rxc7+
63. Kxc7 Kf6 64. Ne4+ Kf5 65. Kd6 Kxe4 66. Ke6 Kd4 (66... h6 $10) 67. h6 Kc5
68. Kf7 Kd6 69. Kg7 Ke7 70. Kxh7 Kf7 $10) 55... Rg8 56. c6 Kd8 57. Kc5 h6 (
57... Rxg3 58. Kd6 Rd3+ 59. Nd5 Rd2 60. c7+ Kc8 61. e6 $18) 58. Nd5 Rg4 59. Kd6
Rg7 60. c7+ 1-0